Quiz netflix serie et film - Statistiques

Statistiques générales
  • Ce quiz a été pris 6 030 fois
  • Le résultat moyen est 5 sur 10
Statistiques - réponses
Question Réponse % Correct
Qui est la cagoule noire dans Riverdale ? Hal Cooper
67%
Dans Annabelle ,la poupée a quelle couleur de cheveux? rouse
66%
Dans La Casa De Papel lequel de ces braqueurs n'existe pas ? Jacarta
61%
Dans A Tout les Garçons que j'ai Aime a qui Lara Jean n'envoie pas de lettre ? Steve
55%
Dans Stranger Things comment Will est débarrassé du flagelleur mental? avec le chaud
52%
Dans Elite ou Samuel part se cacher ? dans la maison de famille de Marina
51%
Dans la casa de papel, combien y-a t-il de braqueurs principaux ? 8 plus le professeur
49%
Dans The Silence quel est le sens surdéveloppé des bêtes ? l'ouie
47%
Dans On my Block ou a été trouvé l'argent de rollerworld? dans un stade de foot
28%
Dans Lucifer quel pion prend t-il au Monopoly ? Une chaussure
20%
Aucun quiz correspondant
Distribution des résultats
% des personnes avec chaque résultat
Percentile par nombre de réponses
Votre historique - résultats
Vous n’avez pas pris ce quiz